000 00510nam a2200193 a 4500
001 1770282761507
003 YourLibrary
005 20260205144420.0
008 260205s2006##################000#0#eng##
020 _a9788184190465
082 0 4 _a306
_bSIN
100 1 _aSinha, Narendra K.,
_eauthor.
245 1 0 _aStories on Kashmir & Others :
260 _bDiamond Pocket Books (P) Ltd.,
_c2006.
300 _a196 pages
650 0 _aFiction.
942 _cENGLISH
040 _aYourLibrary
_beng
_cYourLibrary
999 _c610285
_d610285